Statistics for 20 Most expensive Southampton Player Of All Time

Click here to take the quiz!

General Stats

  • This quiz has been taken 9 times
  • The average score is 11 of 25

Answer Stats

Bought FromAge When SignedFeeNationalityAnswer% Correct
Celtic24£15.7MNetherlandsVirgil van Dijk
100%
Birmingham22£16.7MEnglish/ScottishChe Adams
86%
Man City U2118£22.26MBelgiumRomeo Lavia
86%
RB Salzburg22£23MSenegalSadio Mane
86%
Blackburn24£17.7MEnglishAdam Armstrong
57%
Liverpool26£25.1MEnglishDanny Ings
57%
Celtic22£14.5MKenyaVictor Wanyama
57%
Twente FC25£14MSerbiaDusan Tadic
43%
Stade Rennais20£25MGhanaKamaldeen Sulemana
43%
Juventus23£17.25MGabonMario Lemina
43%
FC Basel23£18MNorwayMohammed Elyounoussi
43%
Standard Liege21£15.7MMaliMoussa Djenepo
43%
LOSC Lille22£18.7MFrance/MoroccoSofiane Boufal
43%
AS Roma27£15.1MItalyDaniel Osvaldo
29%
Bologna21£15.2MUruguayGaston Ramirez
29%
Man City U2120£14MNigeria/IrelandGavin Bazunu
29%
Monaco26£22MItaly/ArgentinaGuido Carrillo
29%
Bor M'gladbach25£25MGermany/DenmarkJannik Vestergaard
29%
SSC Napoli25£17MItalyManolo Gabbiadini
29%
Bayern Munich20£14.9MDenmark/FrancePierre Emille-Hojbjerg
29%
Hull City27£14.9MIrelandShane Long
29%
Chelsea18£26.5MEnglish/ScottishTino Livramento
29%
Lazio23£16MNetherlandsWesley Hoedt
29%
Feyenoord24£15MNetherlandsJordy Clasie
14%
KRC Genk28£18MNigeriaPaul Onachu
0%

Score Distribution

Percentile by Number Answered

Percent of People with Each Score

Your Score History

You have not taken this quiz